| 000 | 00384nam a2200145 4500 | ||
|---|---|---|---|
| 020 | _a97814408855706 | ||
| 040 | _cNUST | ||
| 082 | _a823,ROW | ||
| 100 |
_aRowling, J.K. _911309 |
||
| 245 |
_aHarry Potter: _band the half-blood prince/ _cJ.K. Rowling |
||
| 260 |
_aUK _bBloomsbury Children's Books _c2014 |
||
| 300 | _a541 p.; | ||
| 650 |
_aNoval _9107828 |
||
| 942 |
_2ddc _cFIC _k823,ROW |
||
| 999 |
_c617388 _d617388 |
||